| 000 | 00526nam a22001931a 4500 | ||
|---|---|---|---|
| 001 | 1366 | ||
| 003 | OSt | ||
| 005 | 20260204211731.0 | ||
| 008 | 040119s1997||||dr ||||||b||||||||||spa|| | ||
| 050 | _aRD 170 V712e | ||
| 082 | _aRD 170 V712e | ||
| 100 | _aVillamán P., Marcos | ||
| 245 | _aEtica: transformación curricular / Marcos Villamán P. | ||
| 264 | _aSanto Domingo : SEEC | ||
| 300 | _a20 p. (Serie: Innova 200-22) | ||
| 650 | _a1.Etica | ||
| 700 | _aJulio Leonardo Valerio 2. Nelida Cairo Z.Ì | ||
| 942 |
_2ddc _cBK |
||
| 999 |
_c1366 _d1366 |
||